000 00323nam a22001337a 4500
008 180919b xxu||||| |||| 00| 0 eng d
020 _a9780838584064
041 _aeng
080 _a610.73
100 _a2
101 _aINF
245 _aResearch Stategies For Advanced Practice Nurses
_cNowood.s.L
942 _2udc
_cBK
999 _c47998
_d47998